Management, workers' participation, and the law / (Record no. 75897)
[ view plain ]
| 000 -LEADER | |
|---|---|
| fixed length control field | 01036nam a2200313 a 4500 |
| 001 - CONTROL NUMBER | |
| control field | 75897 |
| 003 - CONTROL NUMBER IDENTIFIER | |
| rucl marc code | BD-RjUL |
| 005 - DATE AND TIME OF LATEST TRANSACTION | |
| control field | 20211209082747.0 |
| 008 - FIXED-LENGTH DATA ELEMENTS--GENERAL INFORMATION | |
| fixed length control field | 190905s1991 ii b 001 0 eng |
| 020 ## - INTERNATIONAL STANDARD BOOK NUMBER | |
| Canceled/invalid ISBN | 8171003074 : |
| Terms of availability | Rs150.00 |
| 025 ## - OVERSEAS ACQUISITION NUMBER | |
| Overseas acquisition number | I E 64577 |
| 035 ## - SYSTEM CONTROL NUMBER | |
| System control number | (BD-RjUL)76116 |
| 040 ## - CATALOGING SOURCE | |
| Original cataloging agency | DLC |
| Transcribing agency | DLC |
| Modifying agency | DLC |
| -- | BD-RjUL |
| Language of cataloging | eng |
| 041 ## - LANGUAGE CODE | |
| Language code of text/sound track or separate title | eng |
| 043 ## - GEOGRAPHIC AREA CODE | |
| Geographic area code | a-ii--- |
| 082 ## - DEWEY DECIMAL CLASSIFICATION NUMBER | |
| Edition number | 23 |
| Classification number | 658.3152 |
| Author mark and year | BAM 1991 |
| 100 0# - MAIN ENTRY--PERSONAL NAME | |
| Personal name | Badruddin, |
| Dates associated with a name | 1957- |
| 9 (RLIN) | 232821 |
| 245 10 - TITLE STATEMENT | |
| Title | Management, workers' participation, and the law / |
| Statement of responsibility, etc. | Badruddin. |
| 260 ## - PUBLICATION, DISTRIBUTION, ETC. (IMPRINT) | |
| Place of publication, distribution, etc. | New Delhi : |
| Name of publisher, distributor, etc. | Deep & Deep Publications, |
| Date of publication, distribution, etc. | c1991. |
| 300 ## - PHYSICAL DESCRIPTION | |
| Pagination | xi, 180 p. ; |
| Size | 22 cm. |
| 500 ## - GENERAL NOTE | |
| General note | Study, with partial focus on India. |
| General note | Includes index. |
| 504 ## - BIBLIOGRAPHY, ETC. NOTE | |
| Bibliography, etc | Includes bibliographical references (p. [168]-177). |
| 650 #0 - SUBJECT ADDED ENTRY--TOPICAL TERM | |
| Topical term or geographic name as entry element | Industrial management |
| General subdivision | Employee participation |
| Geographic subdivision | India. |
| 9 (RLIN) | 232822 |
| Topical term or geographic name as entry element | Industrial management |
| General subdivision | Employee participation |
| -- | Law and legislation |
| Geographic subdivision | India. |
| 9 (RLIN) | 232823 |
| 942 ## - ADDED ENTRY ELEMENTS (KOHA) | |
| Source of classification or shelving scheme | Dewey Decimal Classification |
| Koha item type | Books |
| Lost status | Source of classification or shelving scheme | Damaged status | Not for loan | Collection code | Permanent Location | Current Location | Shelving location | Date acquired | Source of acquisition | Cost, normal purchase price | Total Checkouts | Full call number | Date last seen | Copy number | Koha item type |
|---|---|---|---|---|---|---|---|---|---|---|---|---|---|---|---|
| Dewey Decimal Classification | Non-fiction | Central Library, University of Rajshahi | Central Library, University of Rajshahi | 01/07/1997 | World Agency, Dhaka. | 181.50 | 658.3152 BAM 1991 | 05/09/2019 | C-2 | Books | |||||
| Dewey Decimal Classification | Not For Loan | Non-fiction | Central Library, University of Rajshahi | Central Library, University of Rajshahi | Reading Room | 01/07/1997 | World Agency, Dhaka. | 181.50 | 658.3152 BAM 1991 | 05/09/2019 | C-1 | Books |